| 000 | 00480nam a2200205Ia 4500 | ||
|---|---|---|---|
| 999 |
_c12923 _d12923 |
||
| 003 | 0100 | ||
| 005 | 20180216142507.0 | ||
| 008 | 130303s9999 xx 000 0 und d | ||
| 040 | _cARRUPELIB | ||
| 050 | _aDT731.N87 1971 | ||
| 100 |
_aNutting, Anthony _939335 |
||
| 245 |
_aScramble for Africa: _bthe great trek to the Boer War / |
||
| 260 |
_aNew York _bDutton _c1971 |
||
| 300 | _a454 p. | ||
| 300 | _b ill. 22 cm | ||
| 650 |
_aAfrica, Southern _xHistory _yTo 1899 _939336 |
||
| 942 | 0 | 0 |
_01 _2lcc _cMONOGRAPH |